On This Day: June 4th II Quiz Stats

 Plays Quiz Updated Jun 4, 2018

Score 0/7 Timer 03:00
0 Plays Today
Question Answer Wrong Answers
This 7th studio album by Bruce Springsteen is released, producing seven top-10 hit singles.
1984
Born in the U.S.A.
95.9%
Brothers in Arms
1.6%
The Joshua Tree
1.2%
Appetite for Destruction
0.7%
Following the death and funeral of Ayatollah Ruhollah Khomeini, Ali Khamenei is elected as the new Supreme Leader of the Islamic Republic of ______ by the Assembly of Experts.
1989
Iran
87.4%
Pakistan
2.8%
Afghanistan
3.5%
Saudi Arabia
5.3%
The first ______ are given out, recognizing achievements in writing and journalism.
1917
Pulitzer Prizes
86.7%
Peabody Awards
6.3%
Nobel Prizes
6.3%
Tony Awards
0.6%
This musician headlines a benefit concert for victims of the Manchester concert bombing that had occurred a couple weeks prior. Coldplay, Miley Cyrus, Justin Bieber, and Katy Perry also perform.
2017
Ariana Grande
86.2%
Macklemore
3.8%
Selena Gomez
7.3%
Shawn Mendes
1.6%
Following the Dunkirk evacuation, Winston Churchill attempts to rally morale of the country by delivering his famous ‘We shall fight on the ______’ speech.
1940
Beaches
81.3%
Front Lines
16%
Mountains
1.2%
Roads
1.1%
This British monarch, who ruled the United Kingdom during the American Revolutionary War, is born.
1738
George III
64.4%
George II
10.9%
George IV
13.3%
George V
11.3%
Joe Clark is sworn in as the youngest Prime Minister in ______ history.
1979
Canadian
37.4%
United Kingdom
5.4%
New Zealand
20.3%
Australian
36.4%

You're not logged in!

Compare scores with friends on all Sporcle quizzes.
OR
Log In

Sporcle TV

Today on Sporcle TV


Watch our educational content, quiz creation guides, and fun videos on Sporcle TV.

Show Comments

Extras

Top Quizzes Today


Score Distribution

Your Account Isn't Verified!

In order to create a playlist on Sporcle, you need to verify the email address you used during registration. Go to your Sporcle Settings to finish the process.

Report this User

Report this user for behavior that violates our Community Guidelines.

Details: